|
|
|
|
| LEADER |
01401nam a2200349 i 4500 |
| 001 |
38609 |
| 003 |
BD-DhAAL |
| 005 |
20220803131423.0 |
| 008 |
220803t2014 bg a 000 0aben d |
| 999 |
|
|
|c 44728
|d 44728
|
| 010 |
|
|
|a 2014359991
|
| 020 |
|
|
|a 9789849074786
|
| 025 |
|
|
|a B-B-2014359991
|
| 035 |
|
|
|a (MFDhaka) 2014359991
|
| 037 |
|
|
|b Library of Congress -- New Delhi Overseas Office
|
| 040 |
|
|
|a DLC
|b eng
|e rda
|c DLC
|d DLC
|d BD-DhAAL
|
| 042 |
|
|
|a lcode
|a pcc
|
| 043 |
|
|
|a a-bg---
|
| 050 |
0 |
0 |
|a PN5449.B32
|b M876 2014
|
| 100 |
1 |
|
|a মুসা, এবিএম
|9 50559
|
| 245 |
1 |
0 |
|a আমার বেলা যে যায় /
|c এবিএম মুসা
|
| 246 |
3 |
1 |
|a Amar bela je jay
|
| 264 |
|
1 |
|a ঢাকা :
|b প্রথমা প্রকাশন,
|c ২০১৪.
|
| 300 |
|
|
|a ২৭১ পৃষ্ঠা :
|b চিত্র ;
|c ২২ সে.মি.
|
| 520 |
|
|
|a Autobiographical reminiscences of E.Bi.Ema. Mūsā, journalist from Bangladesh.
|
| 541 |
|
|
|a Donated By Akbar Ali Khan
|e 38609
|
| 546 |
|
|
|a In Bengali.
|
| 600 |
1 |
0 |
|a Musa, ABM
|9 50560
|
| 650 |
|
0 |
|a Journalists
|z Bangladesh
|v Biography.
|9 50561
|
| 852 |
|
|
|a Ayesha Abed Library
|c Akbar Ali Khan Collection
|
| 942 |
|
|
|2 ddc
|c BK
|
| 952 |
|
|
|0 0
|1 0
|2 ddc
|4 0
|6 070_920000000000000_MUS
|7 1
|9 71456
|a BRACUL
|b BRACUL
|c AAKC
|d 2022-08-03
|e Donated by Akbar Ali Khan
|l 0
|o 070.92 MUS
|p 3010038609
|r 2022-08-03
|t 1
|w 2022-08-03
|y BK
|